Development of modern geography (Record no. 820)

MARC details
000 -LEADER
fixed length control field 00866 a2200241 4500
008 - FIXED-LENGTH DATA ELEMENTS--GENERAL INFORMATION
fixed length control field 080821t xxu||||| |||| 00| 0 eng d
010 ## - LIBRARY OF CONGRESS CONTROL NUMBER
LC control number ENG-84970
020 ## - INTERNATIONAL STANDARD BOOK NUMBER
International Standard Book Number 8185396574
Terms of availability 750.00
035 ## - SYSTEM CONTROL NUMBER
System control number EN-68503
037 ## - SOURCE OF ACQUISITION
Source of stock number/acquisition D.B.Act / Pub
082 ## - DEWEY DECIMAL CLASSIFICATION NUMBER
Classification number 910
100 ## - MAIN ENTRY--PERSONAL NAME
Personal name Shivkumar, T. S.
245 ## - TITLE STATEMENT
Title Development of modern geography
Statement of responsibility, etc by T. S. Shivkumar
246 ## - VARYING FORM OF TITLE
Title proper/short title Modern geography
250 ## - EDITION STATEMENT
Edition statement 1st ed.
260 ## - PUBLICATION, DISTRIBUTION, ETC. (IMPRINT)
Place of publication, distribution, etc Delhi
Name of publisher, distributor, etc S. S. Publishers
Date of publication, distribution, etc 2006
270 ## - ADDRESS
Address IX/5572, West Seelampur, Gandhi Nagar
City Delhi
State or province Delhi
Postal code 110031
Telephone number 22433202
300 ## - PHYSICAL DESCRIPTION
Extent 279 p.
Dimensions 22 cm. (Hb)
500 ## - GENERAL NOTE
General note Includes index
650 ## - SUBJECT ADDED ENTRY--TOPICAL TERM
Topical term or geographic name as entry element Geography
General subdivision modern
942 ## - ADDED ENTRY ELEMENTS (KOHA)
Institution code [OBSOLETE] dpl
Koha item type English Books
Call number prefix 883.08 / RAN
Source of classification or shelving scheme Dewey Decimal Classification
Classification part 883.08
Call number suffix RAN
Holdings
Withdrawn status Lost status Damaged status Not for loan Home library Current library Date acquired Cost, normal purchase price Total Checkouts Full call number Barcode Date last seen Copy number Uniform Resource Identifier Cost, replacement price Price effective from Koha item type Source of classification or shelving scheme Collection code
        D.B.Act.Division D.B.Act.Division 21/08/2008 750.00   883.08 RAN EN-68503 15/09/2008 1 1049 750.00 15/09/2008 English Books    
        Sarojini Nagar Sarojini Nagar 26/06/2019     883.08 RAN B-228951 26/06/2019       26/06/2019 English Books Dewey Decimal Classification Non-fiction

© Delhi Public Library
Hit Counter
free hit counter